000 00428nam a2200193Ia 4500
005 20250425161446.0
008 250425s9999 xx 000 0 und d
041 _aeng
082 _a624.154
100 _aCHELLIS, ROBERT D.
245 0 _aPILE FOUNDATIONS
250 _a2ND ED.
260 _aJapón
_bMCGRAW - HILL
_c1961
260 _aTOKYO
300 _a704
650 _aCIMIENTOS
942 _c01
010 _a20806
999 _c209697
_d209697